000 00513nam a22001577a 4500
003 OSt
005 20151207140759.0
008 151207b xxu||||| |||| 00| 0 eng d
040 _cRUA
082 _aATM សាន 1994 B190 Or.1
100 _94450
_aសាន វណ្ណាស៊ី
245 _aគំរោងសិក្សាឧបករណ៍ហាន់រុក្ខជាតិសំរាប់ធ្វើជី
260 _aPhnom Penh
_bRUA
_c1994
300 _a73p.
_bill.
_c29cm.
942 _2ddc
_cATM
999 _c4150
_d4150